000 01375nam0a22002531 4500
001 rc\4511543
005 20130416175151.5
021 _aRU
_b[68-74846]
035 _a(NLR Aleph) 008619475
090 _a8813922
_c8813922
100 _a20130416d1968 |||y0rusy50 ca
101 0 _arus
102 _aRU
105 _aa z |||||
200 1 _aМетодика решения задач перспективного механовооружения строительно-монтажных организаций
_eДоклад, подгот. к Всесоюз. совещанию по механизации строит.-монтажных работ и улучшению использования строит. и дор. машин
_fЦентр. правл. Науч.-техн. о-ва строит. индустрии. Укр. респ. правл. Науч.-техн. о-ва строит. индустрии. Науч.-исслед. ин-т строит. производства Госстроя УССР
210 _aКиев
_cБ. и.
_d1968
215 _a43 с.
_cчерт.
_d20
606 _aСтроительные машины
_xРасчет потребности
_2psbo
700 1 _aКанюка
_bН. С.
_gНиколай Сергеевич
801 0 _aRU
_bNLR
_gpsbo
801 1 _aRU
_bELAR
_2rusmarc
852 _aNLR
_j68-4/20325
942 _cBOOK
980 _aNB